Las jornadas de María de Hungría (1606-1646 (Record no. 187917)

MARC details
000 -LEADER
campo de control de longitud fija 01065nam a2200193 i 4500
001 - NÚMERO DE CONTROL
campo de control 187917
003 - IDENTIFICADOR DE NÚMERO DE CONTROL
campo de control ES-MaACL
005 - FECHA Y HORA DE LA ÚLTIMA TRANSACCIÓN
campo de control 20250727190109.0
008 - DATOS DE LONGITUD FIJA--INFORMACIÓN GENERAL
campo de control de longitud fija 180323s1926 sp |||| | spa d
100 1# - ENTRADA PRINCIPAL--NOMBRE DE PERSONA
Nombre de persona Gaibrois de Ballesteros, Mercedes,
Fechas asociadas al nombre 1891-1960
9 (RLIN) 53243
245 14 - MENCIÓN DEL TÍTULO
Título Las jornadas de María de Hungría (1606-1646
Resto del título : conferencia leída en la serie organizada por el Centro de Intercambio Intelectual Germano-Español, el día 5 de marzo de 1926 /
Mención de responsabilidad, etc. por Mercedes Gaibrois de Ballesteros.
260 ## - PUBLICACIÓN, DISTRIBUCIÓN, ETC.
Lugar de publicación, distribución, etc. Madrid :
Nombre del editor, distribuidor, etc. [s.n.],
Fecha de publicación, distribución, etc. 1926 (
Fabricante Blass tipogragía)
300 ## - DESCRIPCIÓN FÍSICA
Extensión 24 p. :
Otras características físicas 1 retr. ;
Dimensiones 23 cm.
490 1# - MENCIÓN DE SERIE
Mención de serie Conferencias dadas en el Centro de intercambio intelectual germano-español ;
Designación de volumen o secuencia 9
600 14 - PUNTO DE ACCESO ADICIONAL DE MATERIA--NOMBRE DE PERSONA
Nombre de persona María
Títulos y otros términos asociados al nombre Emperatriz consorte de Fernando III, Emperador del Sacro Imperio Romano Germánico.
9 (RLIN) 164440
830 00 - PUNTO DE ACCESO ADICIONAL DE SERIE-TÍTULO UNIFORME
Título uniforme Conferencias dadas en el Centro de Intercambio Intelectual Germano-Español
Designación de volumen o secuencia 9
9 (RLIN) 192904
852 ## - LOCALIZACIÓN
Ubicación ES-MaACL
Número de control de estantería C-8111(10)
Nota libre .- Donat. del Centro de Intercambio Intelectual Germano-Español (Madrid)
Holdings
Estatus retirado Estado de pérdida Estado de daño No para préstamo Biblioteca de origen Biblioteca actual Ubicación en estantería Fecha de adquisición Fuente de adquisición Total de préstamos Signatura topográfica completa Código de barras Visto por última vez Precio de reemplazo Tipo de ítem Koha
        Biblioteca del Ateneo de Madrid Biblioteca del Ateneo de Madrid Sala Palomar 23/03/2018     C-8111(10) 1198569 23/02/2023 23/02/2023 Libro impreso